[Event "Calgary op 11th"]
[Site "Calgary"]
[Date "2018.08.18"]
[Round "8"]
[White "Arruebarrena Rodriguez, Rafael"]
[Black "Zierk, Steven C"]
[Result "0-1"]
[WhiteElo "2256"]
[BlackElo "2491"]
[PlyCount "86"]
[EventDate "2018.08.14"]
[EventType "swiss"]
[EventRounds "9"]
[EventCountry "CAN"]
[SourceTitle "CBM 186 Extra"]
[Source "ChessBase"]
[SourceDate "2018.08.24"]
[SourceVersion "1"]
[SourceVersionDate "2018.08.24"]
[SourceQuality "1"]

1. e4 e6 2. d4 d5 3. Nc3 Bb4 4. e5 c5 5. a3 Bxc3+ 6. bxc3 Qa5 7. Bd2 Qa4 8. Qg4 Kf8 9. Qd1 b6 10. dxc5 bxc5 11. c4 Ba6 12. cxd5 exd5 13. Bxa6 Qxa6 14. Ne2 Ne7 15. 0-0 Nd7 16. Bg5 Qc6 17. e6 fxe6 18. Nf4 Ng6 19. Nxg6+ hxg6 20. Re1 Kf7 21. Qf3+ Nf6 22. c4 Rac8 23. Rab1 Rhe8 24. cxd5 exd5 25. Rxe8 Rxe8 26. h4 Re5 27. Qf4 Qe6 28. Bxf6 Re1+ 29. Rxe1 Qxe1+ 30. Kh2 gxf6 31. g3 Qe5 32. Qa4 Qc7 33. Qg4 d4 34. h5 gxh5 35. Qxh5+ Ke7 36. Qd5 Qd6 37. Qb7+ Qd7 38. Qe4+ Kd6 39. Qf4+ Kd5 40. Qxf6 d3 41. Qg5+ Kc6 42. Qf6+ Qd6 43. Qf3+ Kb6 0-1

[Event "Edmonton 13th"]
[Site "Edmonton"]
[Date "2018.06.23"]
[Round "7"]
[White "Kleinman, Michael"]
[Black "Arruebarrena Rodriguez, Rafael"]
[Result "1-0"]
[WhiteElo "2394"]
[BlackElo "2267"]
[PlyCount "77"]
[EventDate "2018.06.19"]
[EventType "tourn"]
[EventRounds "9"]
[EventCountry "CAN"]
[EventCategory "6"]
[SourceTitle "EXT 2019"]
[Source "ChessBase"]
[SourceDate "2018.10.10"]
[SourceVersion "1"]
[SourceVersionDate "2018.10.10"]
[SourceQuality "1"]

1. e4 c5 2. Nf3 e6 3. d4 cxd4 4. Nxd4 Nc6 5. Nc3 Qc7 6. Be2 a6 7. 0-0 Nf6 8. Be3 Bb4 9. Na4 Be7 10. Nxc6 bxc6 11. Bb6 Qb8 12. Bd3 e5 13. Be3 d5 14. c4 dxe4 15. Be2 Qc7 16. Qc2 Bf5 17. Nb6 Rd8 18. Qa4 0-0 19. Qxa6 Bg4 20. c5 Bxe2 21. Qxe2 Nd5 22. Qc4 Kh8 23. Rad1 Nxe3 24. fxe3 f5 25. b4 Bg5 26. Qb3 f4 27. Nc4 Rxd1 28. Qxd1 Rd8 29. Nd6 Qe7 30. Qb3 Rf8 31. Qc4 h6 32. a4 f3 33. Qxe4 fxg2 34. Rxf8+ Qxf8 35. Kxg2 Qg8 36. Qc4 Qa8 37. a5 Bf6 38. Qg4 Kh7 39. Qf5+ 1-0

[Event "Edmonton 13th"]
[Site "Edmonton"]
[Date "2018.06.20"]
[Round "2"]
[White "Arruebarrena Rodriguez, Rafael"]
[Black "Sambuev, Bator"]
[Result "0-1"]
[WhiteElo "2267"]
[BlackElo "2524"]
[PlyCount "98"]
[EventDate "2018.06.19"]
[EventType "tourn"]
[EventRounds "9"]
[EventCountry "CAN"]
[EventCategory "6"]
[SourceTitle "EXT 2019"]
[Source "ChessBase"]
[SourceDate "2018.10.10"]
[SourceVersion "1"]
[SourceVersionDate "2018.10.10"]
[SourceQuality "1"]

1. e4 d6 2. d4 Nf6 3. Nc3 e5 4. Nf3 Nbd7 5. Bc4 Be7 6. 0-0 0-0 7. Re1 c6 8. a4 a5 9. h3 h6 10. Ba2 Re8 11. Qe2 exd4 12. Nxd4 Bf8 13. Bf4 Ne5 14. Rad1 Bd7 15. Bg3 Qb6 16. Bb3 Rad8 17. Kh1 Bc8 18. f4 Ng6 19. Qf3 Qc5 20. Bf2 Qh5 21. Qxh5 Nxh5 22. f5 Ne5 23. g4 Nf6 24. Kg2 Be7 25. Nf3 Nfd7 26. Nxe5 dxe5 27. Ne2 Nc5 28. Bxc5 Bxc5 29. Kf3 Kf8 30. c3 Ke7 31. Ng3 g6 32. Rxd8 Rxd8 33. Rd1 Rxd1 34. Bxd1 b5 35. Bb3 Ba6 36. Ne2 b4 37. h4 bxc3 38. Nxc3 g5 39. hxg5 hxg5 40. Bd1 Bd3 41. Be2 Bc2 42. Bd1 Bxd1+ 43. Nxd1 Kd6 44. Ke2 Bd4 45. Kd3 Kc5 46. b3 Kb4 47. Kc2 f6 48. Nb2 Bxb2 49. Kxb2 c5 0-1

[Event "Edmonton-ch"]
[Site "Edmonton"]
[Date "2018.02.22"]
[Round "4.2"]
[White "Matras Clement, Agnieszka"]
[Black "Arruebarrena Rodriguez, Rafael"]
[Result "1/2-1/2"]
[WhiteElo "2260"]
[BlackElo "2251"]
[PlyCount "31"]
[EventDate "2018.01.04"]
[EventType "k.o."]
[EventRounds "4"]
[EventCountry "CAN"]
[SourceTitle "EXT 2024"]
[Source "ChessBase"]
[SourceDate "2023.10.10"]
[SourceVersion "1"]
[SourceVersionDate "2023.10.10"]
[SourceQuality "1"]

1. d4 Nf6 2. Bg5 d5 3. Nf3 Ne4 4. h4 c5 5. e3 Qb6 6. Qc1 Nc6 7. c3 Bf5 8. Nbd2 e6 9. Be2 Bd6 10. dxc5 Qxc5 11. Nd4 h6 12. Nxf5 exf5 13. Nxe4 fxe4 14. Bf4 Bxf4 15. exf4 0-0 16. Qe3 1/2-1/2

[Event "Edmonton-ch"]
[Site "Edmonton"]
[Date "2018.01.11"]
[Round "1.2"]
[White "Arruebarrena Rodriguez, Rafael"]
[Black "Ivanescu, Christian"]
[Result "1-0"]
[WhiteElo "2251"]
[BlackElo "1817"]
[PlyCount "69"]
[EventDate "2018.01.04"]
[EventType "k.o."]
[EventRounds "4"]
[EventCountry "CAN"]
[SourceTitle "EXT 2024"]
[Source "ChessBase"]
[SourceDate "2023.10.10"]
[SourceVersion "1"]
[SourceVersionDate "2023.10.10"]
[SourceQuality "1"]

1. e4 e6 2. d4 d5 3. Nc3 dxe4 4. Nxe4 Bd7 5. Nf3 Bc6 6. Bd3 Nd7 7. 0-0 Ngf6 8. Neg5 Be7 9. Re1 Bxf3 10. Nxf3 h6 11. c4 c6 12. Bf4 Nh5 13. Be3 Nhf6 14. Qd2 a5 15. a3 Bd6 16. Bf4 Bxf4 17. Qxf4 0-0 18. Re3 Nh5 19. Qd6 Ndf6 20. Qxd8 Rfxd8 21. g3 c5 22. Be2 cxd4 23. Rd3 Rac8 24. Rxd4 Rxd4 25. Nxd4 Rd8 26. Rd1 g5 27. Nb3 Rxd1+ 28. Bxd1 b6 29. c5 a4 30. cxb6 axb3 31. Bxh5 Kf8 32. b7 Nd7 33. a4 f5 34. a5 Nb8 35. Be2 1-0

[Event "Edmonton 12th"]
[Site "Edmonton"]
[Date "2017.06.21"]
[Round "2"]
[White "Arruebarrena Rodriguez, Rafael"]
[Black "Sevillano, Enrico"]
[Result "1/2-1/2"]
[WhiteElo "2232"]
[BlackElo "2450"]
[PlyCount "158"]
[EventDate "2017.06.20"]
[EventType "swiss"]
[EventRounds "9"]
[EventCountry "CAN"]
[SourceTitle "EXT 2019"]
[Source "ChessBase"]
[SourceDate "2018.10.10"]
[SourceVersion "1"]
[SourceVersionDate "2018.10.10"]
[SourceQuality "1"]

1. e4 g6 2. d4 c6 3. Nc3 d5 4. h3 Bg7 5. Nf3 dxe4 6. Nxe4 Nf6 7. Nxf6+ exf6 8. Bc4 0-0 9. 0-0 Nd7 10. Re1 a5 11. a4 Nb6 12. Bb3 Nd5 13. c4 Nb4 14. Be3 Be6 15. Qd2 Qd7 16. Rad1 Rfd8 17. d5 cxd5 18. Bb6 dxc4 19. Bxd8 Qxd2 20. Rxd2 cxb3 21. Bc7 Nc6 22. Nd4 Nxd4 23. Rxd4 f5 24. Be5 Rc8 25. Bxg7 Kxg7 26. Re5 b6 27. Rd6 Rc4 28. Rxb6 Rxa4 29. f3 Rc4 30. Rxa5 Rc2 31. Rab5 Rxb2 32. Rb4 Kf6 33. h4 h6 34. Kh2 Kg7 35. Kg3 g5 36. hxg5 hxg5 37. R6b5 Kf6 38. Rb6 Kg7 39. R6b5 Rc2 40. Rxb3 f4+ 41. Kh2 Bxb3 42. Rxb3 Kg6 43. Rb8 Rc6 44. Kg1 Re6 45. Kf2 Kf5 46. Ra8 Re5 47. Ra7 f6 48. Ra8 Rd5 49. Re8 Rd2+ 50. Kf1 Rd5 51. Ra8 Re5 52. Kf2 Kg6 53. Ra6 Kf7 54. Ra7+ Re7 55. Ra5 Re8 56. Rb5 Kg6 57. Rb6 Rf8 58. Ra6 Kh5 59. Ra7 f5 60. Ra5 Kg6 61. Ra6+ Kh5 62. Ra5 Kh4 63. Ra7 g4 64. fxg4 fxg4 65. g3+ fxg3+ 66. Kg2 Rf2+ 67. Kg1 Rb2 68. Rh7+ Kg5 69. Rg7+ Kh5 70. Rh7+ Kg6 71. Rh8 g2 72. Rh2 Kg5 73. Rxg2 Rxg2+ 74. Kxg2 Kf4 75. Kf2 g3+ 76. Kg2 Kg4 77. Kg1 Kf3 78. Kf1 g2+ 79. Kg1 Kg3 1/2-1/2

[Event "Battle of Alberta "]
[Site "Red Deer"]
[Date "2016.09.10"]
[Round "2.2"]
[White "Arruebarrena Rodriguez, Rafael"]
[Black "Haessel, Dale R"]
[Result "1/2-1/2"]
[WhiteElo "2264"]
[BlackElo "2187"]
[PlyCount "56"]
[EventDate "2016.09.10"]
[EventType "team-match"]
[EventRounds "2"]
[EventCountry "CAN"]
[SourceTitle "EXT 2017"]
[Source "ChessBase"]
[SourceDate "2016.10.25"]
[SourceVersion "1"]
[SourceVersionDate "2016.10.25"]
[SourceQuality "1"]
[WhiteTeam "Alberta North"]
[BlackTeam "Alberta South"]
[WhiteTeamCountry "CAN"]
[BlackTeamCountry "CAN"]

1. e4 e5 2. Nf3 Nc6 3. Bb5 Nf6 4. 0-0 Nxe4 5. d4 Nd6 6. Bxc6 dxc6 7. dxe5 Nf5 8. Qxd8+ Kxd8 9. h3 h5 10. Nc3 Ke8 11. Ne2 Be7 12. Nfd4 c5 13. Nb5 Bd8 14. Bf4 Be6 15. Rfe1 a6 16. Nbc3 Be7 17. Rad1 Rd8 18. a3 g5 19. Bc1 Nd4 20. Nxd4 cxd4 21. Ne4 g4 22. hxg4 hxg4 23. Bg5 Bxg5 24. Nxg5 Ke7 25. Nxe6 Kxe6 26. Re4 c5 27. Rxg4 Kxe5 28. Re1+ Kd6 1/2-1/2

[Event "Battle of Alberta 20th"]
[Site "Red Deer"]
[Date "2015.09.12"]
[Round "1.2"]
[White "Kazmaier, Daniel"]
[Black "Arruebarrena Rodriguez, Rafael"]
[Result "1-0"]
[WhiteElo "2220"]
[BlackElo "2266"]
[PlyCount "103"]
[EventDate "2015.09.12"]
[EventType "team-match"]
[EventRounds "2"]
[EventCountry "CAN"]
[SourceTitle "EXT 2017"]
[Source "ChessBase"]
[SourceDate "2016.10.25"]
[SourceVersion "1"]
[SourceVersionDate "2016.10.25"]
[SourceQuality "1"]
[WhiteTeam "Alberta South"]
[BlackTeam "Alberta North"]
[WhiteTeamCountry "CAN"]
[BlackTeamCountry "CAN"]

1. g3 Nf6 2. Bg2 d5 3. Nf3 g6 4. c4 dxc4 5. Qa4+ c6 6. Qxc4 Bg7 7. Nc3 Nbd7 8. d4 0-0 9. 0-0 Nb6 10. Qd3 Be6 11. b3 c5 12. dxc5 Nfd5 13. Nxd5 Bxa1 14. cxb6 Qxd5 15. Qxd5 Bxd5 16. Be3 Bf6 17. bxa7 Rfd8 18. Rd1 e6 19. Rd3 Rdc8 20. Nd2 Rc1+ 21. Nf1 Rc3 22. Rd2 Bxg2 23. Kxg2 Bd8 24. b4 Bc7 25. Rd7 b6 26. a4 Rxa7 27. a5 Ra6 28. axb6 Bxb6 29. b5 Rxe3 30. Nxe3 Ra4 31. Kf3 Rb4 32. Ng4 Rxb5 33. Nf6+ Kf8 34. g4 h5 35. h3 Ba5 36. e3 hxg4+ 37. hxg4 Rb2 38. g5 Bb6 39. Rd6 Ke7 40. Rd7+ Kf8 41. Ne4 Rb5 42. Rxf7+ Kxf7 43. Nd6+ Ke7 44. Nxb5 Ba5 45. Ke4 Be1 46. f4 Bd2 47. Nd4 Kd6 48. Nf3 Bc3 49. Nh4 e5 50. Nxg6 exf4 51. exf4 Ke6 52. f5+ 1-0

[Event "Northern Alberta op"]
[Site "Edmonton"]
[Date "2015.02.15"]
[Round "5"]
[White "Gardner, Robert"]
[Black "Arruebarrena Rodriguez, Rafael"]
[Result "0-1"]
[WhiteElo "2095"]
[BlackElo "2224"]
[PlyCount "58"]
[EventDate "2015.02.14"]
[EventType "swiss"]
[EventRounds "5"]
[EventCountry "CAN"]
[SourceTitle "EXT 2017"]
[Source "ChessBase"]
[SourceDate "2016.10.25"]
[SourceVersion "1"]
[SourceVersionDate "2016.10.25"]
[SourceQuality "1"]

1. d4 Nf6 2. c4 g6 3. Nc3 d5 4. Nf3 Bg7 5. Bg5 Ne4 6. Bh4 Nxc3 7. bxc3 dxc4 8. Qa4+ Qd7 9. Qxc4 b6 10. e3 Ba6 11. Qb3 Bxf1 12. Kxf1 0-0 13. Ke2 Nc6 14. Bg3 Na5 15. Qb4 c5 16. dxc5 Rac8 17. Rhd1 Qb7 18. Rd3 Rxc5 19. Rad1 Qa6 20. Nd4 e5 21. Nb3 Rc4 22. Qe7 e4 23. Rd7 Ra4+ 24. Ke1 Nxb3 25. axb3 Bxc3+ 26. R7d2 Bxd2+ 27. Rxd2 Ra1+ 28. Rd1 Rxd1+ 29. Kxd1 Qd3+ 0-1

[Event "Northern Alberta op"]
[Site "Edmonton"]
[Date "2015.02.14"]
[Round "2"]
[White "Malek, Omid"]
[Black "Arruebarrena Rodriguez, Rafael"]
[Result "0-1"]
[WhiteElo "2047"]
[BlackElo "2224"]
[PlyCount "44"]
[EventDate "2015.02.14"]
[EventType "swiss"]
[EventRounds "5"]
[EventCountry "CAN"]
[SourceTitle "EXT 2017"]
[Source "ChessBase"]
[SourceDate "2016.10.25"]
[SourceVersion "1"]
[SourceVersionDate "2016.10.25"]
[SourceQuality "1"]

1. e4 c5 2. c3 Nf6 3. e5 Nd5 4. Nf3 e6 5. d4 cxd4 6. cxd4 d6 7. exd6 Bxd6 8. Nc3 Nxc3 9. bxc3 Qc7 10. Bd2 0-0 11. Bd3 Nd7 12. 0-0 b6 13. Qc2 h6 14. Rfe1 Bb7 15. Be4 Nf6 16. Bxb7 Qxb7 17. Ne5 Rac8 18. Qd3 Rfd8 19. f4 Qc7 20. Qg3 Nd5 21. c4 Ne7 22. Ng4 Nf5 0-1

[Event "Calgary"]
[Site "Calgary"]
[Date "2014.11.09"]
[Round "6.2"]
[White "Arruebarrena Rodriguez, Rafael"]
[Black "Mikhalevski, Victor"]
[Result "0-1"]
[WhiteElo "2268"]
[BlackElo "2565"]
[PlyCount "102"]
[EventDate "2014.11.06"]
[EventType "tourn"]
[EventRounds "9"]
[EventCountry "CAN"]
[SourceTitle "EXT 2022"]
[Source "ChessBase"]
[SourceDate "2021.10.06"]
[SourceVersion "1"]
[SourceVersionDate "2021.10.06"]
[SourceQuality "1"]

1. e4 e5 2. Nf3 Nc6 3. Bb5 a6 4. Ba4 Nf6 5. 0-0 Nxe4 6. d4 b5 7. Bb3 d5 8. dxe5 Be6 9. Nbd2 Nc5 10. c3 Be7 11. Bc2 Bg4 12. Re1 Qd7 13. h3 Bh5 14. Nf1 Rd8 15. Ng3 Bg6 16. Nd4 Nxd4 17. cxd4 Ne6 18. Nf5 c5 19. Nxe7 Qxe7 20. Bxg6 hxg6 21. dxc5 Qxc5 22. Bd2 0-0 23. Rc1 Qd4 24. Ba5 Rc8 25. Qxd4 Nxd4 26. Rxc8 Rxc8 27. Rd1 Rc4 28. b3 Rc1 29. Rxc1 Ne2+ 30. Kf1 Nxc1 31. Bd2 Nd3 32. f4 f5 33. Ke2 Nc5 34. Ke3 Ne6 35. g3 Kf7 36. Kd3 Ke8 37. Be3 Kd7 38. Ba7 g5 39. Ke3 gxf4+ 40. gxf4 b4 41. Bd4 Kc6 42. Ba7 Kb5 43. Bd4 a5 44. Ba7 a4 45. bxa4+ Kxa4 46. Bb8 Kb5 47. Kd3 Nxf4+ 48. Kd4 Kc6 49. e6 Nxe6+ 50. Ke5 d4 51. Kxe6 g5 0-1

[Event "Calgary"]
[Site "Calgary"]
[Date "2014.11.06"]
[Round "1.3"]
[White "Arruebarrena Rodriguez, Rafael"]
[Black "Shabalov, Alexander"]
[Result "0-1"]
[WhiteElo "2268"]
[BlackElo "2530"]
[PlyCount "102"]
[EventDate "2014.11.06"]
[EventType "tourn"]
[EventRounds "9"]
[EventCountry "CAN"]
[SourceTitle "EXT 2022"]
[Source "ChessBase"]
[SourceDate "2021.10.06"]
[SourceVersion "1"]
[SourceVersionDate "2021.10.06"]
[SourceQuality "1"]

1. e4 c5 2. Nf3 d6 3. d4 cxd4 4. Nxd4 Nf6 5. Nc3 a6 6. Be2 e5 7. Nb3 Be7 8. 0-0 0-0 9. Re1 Be6 10. Bf3 Qc7 11. a4 Rc8 12. a5 Nbd7 13. Be3 b5 14. axb6 Nxb6 15. Na5 Nc4 16. Nxc4 Bxc4 17. Na4 Rab8 18. b3 Bb5 19. c4 Bxa4 20. Rxa4 Qb7 21. Bg5 Rc6 22. Bxf6 Bxf6 23. Re3 Bd8 24. Rd3 Bb6 25. Qd2 Bc5 26. Bd1 Rb6 27. Qe2 Rf8 28. Rf3 g6 29. Bc2 Qc8 30. Qd2 Bd4 31. Qg5 f6 32. Qd2 Kh8 33. Rd3 Qc6 34. Rh3 Rb7 35. Kh1 Rg7 36. Ra5 f5 37. Rf3 Bc5 38. Ra1 f4 39. Qd5 Qb6 40. Rf1 g5 41. g4 Bd4 42. Kg2 Re7 43. Rh3 Kg7 44. Rd3 h6 45. Rfd1 f3+ 46. Kf1 Bc5 47. Rb1 a5 48. Bd1 Ref7 49. Rd2 Qc7 50. h3 h5 51. Qd3 hxg4 0-1

[Event "Madrid-ch final"]
[Site "Madrid"]
[Date "2013.06.04"]
[Round "2.2"]
[White "Arruebarrena Rodriguez, Rafael"]
[Black "Moreno Ruiz, Javier"]
[Result "1/2-1/2"]
[WhiteElo "2257"]
[BlackElo "2495"]
[PlyCount "84"]
[EventDate "2013.05.30"]
[EventType "k.o."]
[EventRounds "4"]
[EventCountry "ESP"]
[SourceTitle "EXT 2014"]
[Source "ChessBase"]
[SourceDate "2013.11.20"]
[SourceVersion "1"]
[SourceVersionDate "2013.11.20"]
[SourceQuality "1"]

1. e4 e5 2. Nf3 Nc6 3. Bb5 a6 4. Ba4 Nf6 5. 0-0 Be7 6. Re1 b5 7. Bb3 d6 8. c3 0-0 9. h3 Na5 10. Bc2 c5 11. d4 Qc7 12. Nbd2 cxd4 13. cxd4 Rd8 14. Nf1 exd4 15. Nxd4 d5 16. e5 Ne4 17. b3 Bb4 18. Bd2 Nxd2 19. Nxd2 Qb6 20. N4f3 Qh6 21. Qe2 Be6 22. Red1 Rac8 23. Bd3 Ba3 24. Nf1 Nc6 25. Ne3 Re8 26. Nc2 Bb2 27. Rab1 Bc3 28. a4 Bd7 29. axb5 axb5 30. Bxb5 Nxe5 31. Bxd7 Nxd7 32. Qd3 Nb6 33. Ncd4 Bb4 34. Ra1 Qd6 35. Ra6 Rb8 36. Nf5 Qf4 37. Qd4 Qxf5 38. Rxb6 Rxb6 39. Qxb6 Bf8 40. Qd4 Rb8 41. Qxd5 Qxd5 42. Rxd5 Rxb3 1/2-1/2

[Event "Madrid-chT 1213 Honor"]
[Site "Madrid"]
[Date "2013.03.17"]
[Round "14.12"]
[White "Arruebarrena Rodriguez, Rafael"]
[Black "Fernandez Lledo, Javier"]
[Result "1/2-1/2"]
[WhiteElo "2245"]
[BlackElo "2238"]
[PlyCount "93"]
[EventDate "2012.11.18"]
[EventType "team"]
[EventRounds "14"]
[EventCountry "ESP"]
[SourceTitle "EXT 2014"]
[Source "ChessBase"]
[SourceDate "2013.11.20"]
[SourceVersion "1"]
[SourceVersionDate "2013.11.20"]
[SourceQuality "1"]
[WhiteTeam "Cafe Comercial"]
[BlackTeam "Pueblo Nuevo"]
[WhiteTeamCountry "ESP"]
[BlackTeamCountry "ESP"]

1. e4 c5 2. Nf3 Nc6 3. d4 cxd4 4. Nxd4 Nf6 5. Nc3 d6 6. Bg5 e6 7. Qd2 a6 8. 0-0-0 Bd7 9. f3 b5 10. Nxc6 Bxc6 11. Ne2 Be7 12. h4 h5 13. Nd4 Bb7 14. Kb1 Qb6 15. Bd3 Rd8 16. Rhe1 b4 17. f4 0-0 18. Nf3 Qc5 19. Qe2 Rfe8 20. Bxf6 Bxf6 21. e5 dxe5 22. fxe5 Bxf3 23. gxf3 Bxh4 24. Rh1 Bg3 25. f4 h4 26. Qh5 f5 27. Bxa6 Bxf4 28. Rd7 Qf8 29. Rxd8 Rxd8 30. Bc4 Re8 31. Rxh4 Bxe5 32. Qh7+ Kf7 33. Qxf5+ Bf6 34. Re4 Qd6 35. Qh5+ Kf8 36. Qxe8+ Kxe8 37. Rxe6+ Qxe6 38. Bxe6 Ke7 39. Bh3 Kd6 40. a3 bxa3 41. bxa3 Kc5 42. Bf1 g5 43. Ka2 g4 44. Kb3 g3 45. Bg2 Bd8 46. Kc3 Bf6+ 47. Kb3 1/2-1/2

[Event "Madrid-chT 1213 Honor"]
[Site "Madrid"]
[Date "2013.02.03"]
[Round "8.43"]
[White "Rojo Huerta, Gabriel"]
[Black "Arruebarrena Rodriguez, Rafael"]
[Result "1-0"]
[WhiteElo "2356"]
[BlackElo "2245"]
[PlyCount "77"]
[EventDate "2012.11.18"]
[EventType "team"]
[EventRounds "14"]
[EventCountry "ESP"]
[SourceTitle "EXT 2014"]
[Source "ChessBase"]
[SourceDate "2013.11.20"]
[SourceVersion "1"]
[SourceVersionDate "2013.11.20"]
[SourceQuality "1"]
[WhiteTeam "Casa del Ajedrez"]
[BlackTeam "Cafe Comercial"]
[WhiteTeamCountry "ESP"]
[BlackTeamCountry "ESP"]

1. d4 Nf6 2. c4 g6 3. Nc3 d5 4. Nf3 Bg7 5. Bg5 Ne4 6. cxd5 Nxg5 7. Nxg5 0-0 8. Nf3 c6 9. dxc6 Nxc6 10. e3 Qa5 11. Bb5 e5 12. Bxc6 exd4 13. Nxd4 bxc6 14. 0-0 Ba6 15. Re1 Rfc8 16. Rc1 Rab8 17. Rc2 Bb7 18. Qg4 c5 19. Nb3 Qb4 20. h3 h5 21. Qe2 a5 22. Rec1 a4 23. Nd2 c4 24. a3 Qd6 25. Nf3 Bxf3 26. gxf3 Qd7 27. Kg2 Rc5 28. Ne4 Rcb5 29. Rd1 Qe6 30. Rd6 Qe5 31. Qxc4 Rxb2 32. Rxb2 Qxb2 33. Rxg6 Qb3 34. Rc6 Qxa3 35. Ra6 Rb4 36. Ra8+ Bf8 37. Qc5 Rb3 38. Qg5+ Kh8 39. Qh6+ 1-0